|
|
|
|
| LEADER |
01155nam a22003134a 4500 |
| 001 |
35328 |
| 003 |
BD-DhAAL |
| 005 |
20211129145157.0 |
| 008 |
190908t2001 maua b 001 0 eng d |
| 999 |
|
|
|c 41147
|d 41147
|
| 010 |
|
|
|a 00044901
|
| 020 |
|
|
|a 0838417051 (pbk.)
|
| 020 |
|
|
|a 9780838417058
|
| 040 |
|
|
|a DLC
|c DLC
|d DLC
|d BD-DhAAL
|
| 042 |
|
|
|a pcc
|
| 050 |
0 |
0 |
|a PB35
|b .H24 2001
|
| 082 |
0 |
0 |
|a 418.0071
|2 21
|
| 100 |
1 |
|
|a Hadley, Alice Omaggio,
|d 1947-
|9 34172
|
| 245 |
1 |
0 |
|a Teaching language in context /
|c Alice Omaggio Hadley.
|
| 250 |
|
|
|a Third edition
|
| 260 |
|
|
|a Boston :
|b Heinle & Heinle,
|c c2001.
|
| 300 |
|
|
|a xiv, 498 pages :
|b illustrations ;
|c 24 cm.
|
| 504 |
|
|
|a Includes bibliographical references and index.
|
| 526 |
|
|
|a BIED
|
| 541 |
|
|
|a Complimentary copy from BIED
|e 35328
|
| 650 |
|
0 |
|a Languages, Modern
|x Study and teaching.
|9 34173
|
| 852 |
|
|
|a Ayesha Abed Library
|c BIED Collection
|
| 942 |
|
|
|2 ddc
|c BK
|
| 952 |
|
|
|0 0
|1 0
|2 ddc
|4 0
|6 418_007100000000000_HAD
|7 0
|9 66176
|a BRACUL
|b BRACUL
|c GEN
|d 2019-09-08
|e Complimentary copy from BIED
|l 0
|o 418.0071 HAD
|p 3010035328
|r 2019-09-08
|t 1
|w 2019-09-08
|y BK
|x Transferred from BIED to General Stacks
|